000
00297nam a22001337a 4500
008
181221b xxu||||| |||| 00| 0 eng d
020
_a
9780805393934
041
_a
eng
080
_2
7th
_a
573
100
_a
11
101
_a
BIO
245
_a
The World of the Cell
_c
Becker,W.M
942
_2
udc
_c
BK
999
_c
53660
_d
53660